| 000 | 00382nam a22001217a 4500 | ||
|---|---|---|---|
| 008 | 230623b xxu||||| |||| 00| 0 eng d | ||
| 082 |
_a328.93 _bNZ |
||
| 100 |
_cOffice of the Clerk of the House of Representatives _d2005 |
||
| 245 | _aNatural Justice Before Select Committees | ||
| 260 |
_bOffice of the Clerk of the House of Representatives _c2005 |
||
| 300 | _a33p | ||
| 942 |
_2ddc _cBK |
||
| 999 |
_c2386 _d2386 |
||